000 01678nam a2200373 c 4500
999 _c143052
_d143052
003 BLK
005 20240228104952.0
008 180409b bul|||||r ||||||| ||bul||
010 _aKNG00149156000
040 _aBLK
041 _aBUL
_cBUL
072 7 _2bullib
_aК
_xКраезнание
072 7 _2bullib
_aРА
_xРусенски автори
080 _aБългарска литература
_b821.163.2
_x-93-1
_z821.163.2-93-1
100 _aЦанев, Иван
_gПоет. Литературовед. Преводач от гръцки и унгарски език.
_d1941-
_qИванов, Иван Цанев
_9364167
139 _aЦанев, Иван
_bЦ 16
245 1 0 _aТрички сестрички
_bТри поемки за деца : За предучилищна възраст
_cИван Цанев; худож. Невена Петрова Тузсузова; * Иван Цанев Иванов.
257 _aBGR
260 _bБълг. художник
_c1985
300 _a16 с.
_bс цв. ил.
_c32 см
380 _aDX
500 _aПълното име на авт. е Иван Цанев Иванов. - 60 120 тир.
659 _aК
700 1 _aТузсузова, Невена Петрова
_eхудож.
_9377179
700 1 _aИванов, Иван Цанев
_e*
_9327814
852 _aЦб ІІ 18768
852 _aК 821.163.2/Ц 16 И
856 4 _qpdf
856 4 _qpdf
942 _cKNG
_n0
_s1
944 _aCR
_c09.08.2013
_lГеновева Генчева
_k30560
944 _aED
_c13.09.2017
_l09.08.2013 - от С1,Р / 09.08.2013
_kВася_Ганчева
999 _d143052